Report of The Committee on Independent Constitutional Bodies on The Annual Budget Estimates of The Commission on Human Rights and Administrative Justice for the 2026 financial year (Record no. 5841)

MARC details
000 -LEADER
fixed length control field 00691nam a22001697a 4500
003 - CONTROL NUMBER IDENTIFIER
control field OSt
005 - DATE AND TIME OF LATEST TRANSACTION
control field 20251216164633.0
008 - FIXED-LENGTH DATA ELEMENTS--GENERAL INFORMATION
fixed length control field 251216b |||||||| |||| 00| 0 eng d
041 ## - LANGUAGE CODE
Language code of text/sound track or separate title English
082 ## - DEWEY DECIMAL CLASSIFICATION NUMBER
Classification number Acc No: 12,046 CR/ICB/25
110 ## - MAIN ENTRY--CORPORATE NAME
Corporate name or jurisdiction name as entry element Parliament of Ghana
245 ## - TITLE STATEMENT
Title Report of The Committee on Independent Constitutional Bodies on The Annual Budget Estimates of The Commission on Human Rights and Administrative Justice for the 2026 financial year
260 ## - PUBLICATION, DISTRIBUTION, ETC.
Place of publication, distribution, etc. Accra:
Name of publisher, distributor, etc. Parliament of Ghana,
Date of publication, distribution, etc. 2025.
300 ## - PHYSICAL DESCRIPTION
Extent 14p.tabs.
653 ## - INDEX TERM--UNCONTROLLED
Uncontrolled term The Annual Budget Estimates of The Commission on Human Rights and Administrative Justice for the 2026 financial year
942 ## - ADDED ENTRY ELEMENTS (KOHA)
Source of classification or shelving scheme Dewey Decimal Classification
Koha item type Committee Reports
Suppress in OPAC No
Holdings
Withdrawn status Lost status Source of classification or shelving scheme Damaged status Not for loan Collection Home library Current library Shelving location Date acquired Total checkouts Full call number Date last seen Price effective from Koha item type
    Dewey Decimal Classification     Parliamentary Papers Main Library Main Library Open Shelves 16/12/2025   Acc No: 12,046 CR/ICB/25 16/12/2025 16/12/2025 Committee Reports
©2026  Parliament of Ghana Library - All rights reserved